Civil society and citizenship in India and Bangladesh (Record no. 1225904)

MARC details
000 -LEADER
fixed length control field 00662nam a2200217Ia 4500
005 - DATE AND TIME OF LATEST TRANSACTION
control field 20241129105759.0
008 - FIXED-LENGTH DATA ELEMENTS--GENERAL INFORMATION
fixed length control field 241129s9999||||xx |||||||||||||| ||und||
020 ## - INTERNATIONAL STANDARD BOOK NUMBER
International Standard Book Number 978-93-89611-35-9
037 ## - SOURCE OF ACQUISITION
Stock number TB
040 ## - CATALOGING SOURCE
Original cataloging agency ARTS
Language of cataloging eng
Transcribing agency ARTS
041 ## - LANGUAGE CODE
Language code of text/sound track or separate title eng
Source of code eng
084 ## - COLON CLASSIFICATION NUMBER
Classification number W:5.2 R1
Assigning agency ARTS
100 ## - MAIN ENTRY--PERSONAL NAME
Personal name Sahoo Sarbeswar Ed.; Chaney Paul Ed.
9 (RLIN) 724709
245 #0 - TITLE STATEMENT
Title Civil society and citizenship in India and Bangladesh
Statement of responsibility, etc. Sahoo Sarbeswar Ed.; Chaney Paul Ed.
260 ## - PUBLICATION, DISTRIBUTION, ETC.
Place of publication, distribution, etc. New Delhi, India
Name of publisher, distributor, etc. New Bloomsbuiry
Date of publication, distribution, etc. 2021
300 ## - PHYSICAL DESCRIPTION
Extent xiii,169p.
365 ## - TRADE PRICE
Price type code INR
Price amount 1299
650 ## - SUBJECT ADDED ENTRY--TOPICAL TERM
Topical term or geographic name entry element Political Science
942 ## - ADDED ENTRY ELEMENTS (KOHA)
Koha item type Textbook
Classification part W:5.2 R1

No items available.

Copyright @ Delhi University Library System